000
00273nam a22001217a 4500
020
_a
9788178845029
082
_a
330.91724
100
_a
R.Kothekar
245
_a
Economics of poverty
260
_a
New Delhi
_b
Cybertech publications
_c
2009
300
_a
256p
942
_c
BK
999
_c
3351
_d
3351